00321cam a2200133Ia 4500020001500000040000800015041000800023082002600031100002200057245002400079250002100103260002900124300003400153 a0394735307 cWEA1 hjpn a895 KNO 1978 A092 Or.0 aMurasaki Shikibu,14aThe Tale of Genji / a1st paperback ed aNew York :bKnopf,c1978 axix, 1090 p. :bill. ;c24 cm